000 00471nam a2200181 a 4500
005 20260322212038.0
008 data
010 _a86-40310
090 _aHQ 471 K45 1987
100 1 _aKendrick, Walter M.
245 1 4 _aThe secret museum :
_bpornography in modern culture /
_cWalter M. Kendrick.
260 _aNew York
_bViking
_c 1987
300 _axi, 288 p.
500 _aBibliography: p. 265-274.
500 _aIncludes index.
650 0 2 _aErotica
_xhistory
001 data
999 _c896
_d896